Kritikai racionalizmus és nyílt társadalom. Karl Popper a tudományos kutatás és az erkölcs összefüggéséről
Elmentve itt :
| Szerző: | |
|---|---|
| Adatforrás: | Meister |
| Forrásdokumentuma: | Korunk. - 6 sz., 1997, 39-44 p. |
| Nyelv: | magyar |
| Kulcsszavak: | filozófiatörténet politológia kritikai racionalizmus nyílt társadalom racionalizmus igazságosság POPPER Karl R. |
| LEADER | 00650nab a2200205 i 4500 | ||
|---|---|---|---|
| 001 | bibPRO00000536 | ||
| 008 | 060524s1997 xx hun | ||
| 040 | |a Sz1 | ||
| 041 | |a hun | ||
| 100 | 1 | |a SZILÁGYI Mihály | |
| 245 | 1 | 0 | |a Kritikai racionalizmus és nyílt társadalom. Karl Popper a tudományos kutatás és az erkölcs összefüggéséről |c SZILÁGYI Mihály |
| 695 | |a filozófiatörténet | ||
| 695 | |a politológia | ||
| 695 | |a kritikai racionalizmus | ||
| 695 | |a nyílt társadalom | ||
| 695 | |a racionalizmus | ||
| 695 | |a nyílt társadalom | ||
| 695 | |a igazságosság | ||
| 695 | |a POPPER Karl R. | ||
| 773 | 0 | |t Korunk. - |g 6 sz., 1997, 39-44 p. | |